<?xml version="1.0" encoding="UTF-8"?>
<collection xmlns="http://www.loc.gov/MARC21/slim">
 <record>
  <leader>01211nam a22002057a 4500</leader>
  <controlfield tag="001">NCT_94031</controlfield>
  <controlfield tag="008">211208b        xxu||||| |||| 00| 0 vie d</controlfield>
  <datafield tag="999" ind1=" " ind2=" ">
   <subfield code="c">4661</subfield>
   <subfield code="d">4661</subfield>
  </datafield>
  <datafield tag="020" ind1=" " ind2=" ">
   <subfield code="c">40000</subfield>
  </datafield>
  <datafield tag="082" ind1="0" ind2="4">
   <subfield code="2">23rd ed.</subfield>
   <subfield code="a">647.94</subfield>
   <subfield code="b">T500</subfield>
  </datafield>
  <datafield tag="100" ind1="1" ind2=" ">
   <subfield code="a">Nguyễn Thị Tú</subfield>
  </datafield>
  <datafield tag="245" ind1="1" ind2="0">
   <subfield code="a">Nghiệp vụ phục vụ khách sạn</subfield>
   <subfield code="c">Nguyễn Thị Tú</subfield>
  </datafield>
  <datafield tag="260" ind1=" " ind2=" ">
   <subfield code="a">H.</subfield>
   <subfield code="b">Thống Kê</subfield>
   <subfield code="c">2005</subfield>
  </datafield>
  <datafield tag="300" ind1=" " ind2=" ">
   <subfield code="a">326 tr.</subfield>
   <subfield code="c">20cm</subfield>
  </datafield>
  <datafield tag="500" ind1=" " ind2=" ">
   <subfield code="a">ĐTTS ghi: Trường Đại học Thương mại</subfield>
  </datafield>
  <datafield tag="520" ind1="3" ind2=" ">
   <subfield code="a">Nội dung sách giới thiệu về nghiệp vụ lễ tân; nghiệp vụ buồng; nghiệp vụ bàn và nghiệp vụ bar. Giới thiệu các thao tác kỹ thuật phục vụ cơ bản và quy trình phục vụ về nghiệp vụ lễ tân, nghiệp vụ buồng, nghiệp vụ bàn, nghiệp vụ bar và đưa ra một số tình huống thường gặp khi phục vụ khách.</subfield>
  </datafield>
  <datafield tag="653" ind1=" " ind2=" ">
   <subfield code="a">Quản trị du lịch</subfield>
  </datafield>
  <datafield tag="942" ind1=" " ind2=" ">
   <subfield code="2">ddc</subfield>
   <subfield code="c">BK</subfield>
  </datafield>
  <datafield tag="952" ind1=" " ind2=" ">
   <subfield code="0">0</subfield>
   <subfield code="1">0</subfield>
   <subfield code="2">ddc</subfield>
   <subfield code="4">0</subfield>
   <subfield code="6">647_940000000000000_T500</subfield>
   <subfield code="7">0</subfield>
   <subfield code="9">21819</subfield>
   <subfield code="a">000001</subfield>
   <subfield code="b">000001</subfield>
   <subfield code="d">2021-12-08</subfield>
   <subfield code="o">647.94 T500</subfield>
   <subfield code="p">MD.18564</subfield>
   <subfield code="r">2021-12-08</subfield>
   <subfield code="v">40000.00</subfield>
   <subfield code="w">2021-12-08</subfield>
   <subfield code="y">BK</subfield>
  </datafield>
  <datafield tag="980" ind1=" " ind2=" ">
   <subfield code="a">Thư viện Trường Đại học Nam Cần Thơ</subfield>
  </datafield>
 </record>
</collection>
